000 01071 a2200217 4500
003 NUST
005 20170116220544.0
010 _a 96002424
020 _a0534955746 (hardcover)
040 _cNUST
082 0 0 _a515.353
100 1 _aZill, Dennis G.,
245 1 2 _aA first course in differential equations with modeling applications /
_cDennis G. Zill.
250 _a10th ed.
260 _aPacific Grove, CA :
_bBrooks/Cole,
_cc2013.
300 _axi, 387, [51] p. :
_bill. ;
_c26 cm.
500 _aIntroduction to Differential Equations Page 1, First-Order Differential Equations Page 30, Modeling with First-Order Differential Equations Page 60, Differential Equations of Higher Order Page 93, Modeling with Higher-Order Differential Equations Page 169, Series Solutions of Linear Equations Page 213, Laplace Transform Page 258, Systems of Linear First-Order Differential Equations Page 31, Numerical Methods for Ordinary Differential Equations Page 353
538 _aAlmirah No.44 Shelf No.5
650 0 _aDifferential equations.
700 1 _aZill, Dennis G.,
_d1940-
942 _cREF
999 _c119686
_d119686